Statistics for Countries Closest to Canada

Click here to take the quiz!

General Stats

  • This quiz has been taken 29 times
    (11 since last reset)
  • The average score is 14 of 20

Answer Stats

Distance (km)Distance (mi)Country% Correct
00United States
100%
17 / 18*10 / 12*Denmark / Greenland
90%
1,6441,021Iceland
90%
1,8081,124Mexico
90%
1,238770Russia
90%
1,224760United Kingdom / Bermuda
90%
2,0481,272Cuba
70%
>1>1France / Saint-Pierre and Miquelon
70%
2,6081,620Jamaica
70%
1,190740Norway / Svalbard
70%
2,3571,465Sweden
70%
2,6261,632Belize
60%
2,5661,595Haiti
60%
2,6891,671Honduras / Swan Islands
60%
2,8121,747Netherlands / Sint Marteen
60%
1,9301,199Portugal / Azores
60%
1,6451,022Bahamas
50%
2,3471,458Finland
50%
2,7171,688Guatemala
50%
2,6251,631Dominican Republic
40%

Score Distribution

Percentile by Number Answered

Percent of People with Each Score

Your Score History

You have not taken this quiz since the last reset